000 00649nam a2200169Ia 4500
008 090201s9999 xx 000 0 und d
010 _aKPL-59388
040 _bमराठी
041 _aमराठी
082 _a20608
_b59388
100 _aसुरेश नगर्सेकर
245 _aबिनपैशाची चिकित्सा व रोगनिवारण
_cसुरेश नगर्सेकर
260 _c2004
_bमनोरमा प्रकाशन
300 _a71
_bमोठा
600 _aबिनपैशाची चिकित्सा व रोगनिवारण
942 _cBOOK
999 _c220367
_d220367